• 首页
  • 本馆介绍
  • 公告通知
  • 最新文献
  • 馆藏检索
  • 电子资源
  • 读者导购
  • 参考咨询
  • 我的图书馆
  • 登录
  • 详细信息显示
  • 放入我的书架
  • 预约/预借图书
  • 作者相关作品
  • 分类相关作品
  • 丛书相关作品
  • 出版社相关作品

书目信息

  • 表格格式
  • 工作单格式
  • 卡片格式
题名:
情报分析与预测
    
 
作者: 玄兆国 编著
分册:  
出版信息: 北京   科学技术文献出版社  1988.11
页数: 241页
开本: 19cm
丛书名:
单 册:
中图分类: G35 , G353.1
科图分类:
主题词: 情报--预测 , 情报学
电子资源:
ISBN: 7-5023-0669-2
000 00746nam0 2200265 45
001 0189015845
005 20040429103844.0
010    @a7-5023-0669-2@dCNY2.45
020    @aCN@b89015845
100    @a19910304d1988 m y0chiy0120 ea
101 0  @achi
102    @aCN@b110000
105    @ay z 000yy
106    @ar
200 10 @a情报分析与预测@Aqing bao fen xi yu yu ce@f玄兆国等编著@Fxuan zhao guo deng bian zhu
210    @a北京@c科学技术文献出版社@d1988.11
215    @a241页@d19cm
540 1  @a情报分析 预测@Aqing bao fen xi yu ce
606    @a情报@x预测
606 0  @a情报学
690    @aG35@v1980
690    @aG353.1
701  0 @a玄兆国@Axuan zhao guo@4编著
801  0 @aCN@bNLC@c19910304
905    @f2@b215986-987@dG353.1@e61
    
    情报分析与预测/玄兆国等编著.-北京:科学技术文献出版社,1988.11
    241页;19cm
    
    
    ISBN 7-5023-0669-2:CNY2.45
    
●
相关链接 在E读中查询图书 在五车中查询图书 在当当中查询图书 在豆瓣中查询图书


正题名:情报分析与预测     索取号:G353.1/61         预约/预借

序号 登录号 条形码 馆藏地/架位号 状态 备注
1 0215986   000309384   密集书库/ [索取号:G353.1/61] 在馆    
2 0215987   000309339   密集书库/ [索取号:G353.1/61] 在馆    
3 0215988   000309348   第一样本阅览室/ [索取号:G353.1/61] 在馆    
唐山师范学院图书馆 欢迎您!
大连网信软件有限公司© 版权所有